Countries of the World by Vowels - Statistics

General Stats
  • This quiz has been taken 16 times
  • The average score is 131 of 196
Answer Stats
Vowels Country % Correct
aa Malta
91%
a aio San Marino
91%
Aaia Albania
82%
Aeia Argentina
82%
Auaia Australia
82%
Auia Austria
82%
oiia Bolivia
82%
ie Chile
82%
ooia Colombia
82%
Euao Ecuador
82%
ii Fiji
82%
eay Germany
82%
aa Ia Marshall Islands
82%
aau Palau
82%
aua e uiea Papua New Guinea
82%
aauay Paraguay
82%
ooo Ia Solomon Islands
82%
ai Spain
82%
uiae Suriname
82%
uau Tuvalu
82%
Uuuay Uruguay
82%
auau Vanuatu
82%
Aoa Andorra
73%
Aoa Angola
73%
Aiua a aua Antigua and Barbuda
73%
Aeia Armenia
73%
Aeaia Azerbaijan
73%
aaa Bahamas
73%
eiu Belgium
73%
ai Brazil
73%
aaa Canada
73%
a Chad
73%
ua Cuba
73%
oiia Dominica
73%
oiia eui Dominican Republic
73%
Ey Egypt
73%
E aao El Salvador
73%
Euaoia uiea Equatorial Guinea
73%
Eiea Eritrea
73%
Eoia Estonia
73%
Eaii Eswatini
73%
Eioia Ethiopia
73%
eeae ae o ioeia Federated States of Micronesia
73%
ae France
73%
aa Ghana
73%
eee Greece
73%
eaa Grenada
73%
uaeaa Guatemala
73%
uiea Guinea
73%
uiea iau Guinea-Bissau
73%
uaa Guyana
73%
aii Haiti
73%
Ioeia Indonesia
73%
Ioy oa Ivory Coast
73%
aa Japan
73%
iiai Kiribati
73%
ieia Liberia
73%
ia Libya
73%
ooo Morocco
73%
auu Nauru
73%
eea Netherlands
73%
e eaa New Zealand
73%
Oa Oman
73%
aaa Panama
73%
eu Peru
73%
oa Poland
73%
aa Qatar
73%
ai i a ei Saint Kitts and Nevis
73%
ai uia Saint Lucia
73%
ai ie a e eaie Saint Vincent and the Grenadines
73%
aoa Samoa
73%
iea eoe Sierra Leone
73%
ou Aia South Africa
73%
ou ua South Sudan
73%
ua Sudan
73%
oo Togo
73%
oa Tonga
73%
iia a oao Trinidad and Tobago
73%
uiia Tunisia
73%
Uaa Uganda
73%
Uie io United Kingdom
73%
Uie ae United States
73%
eeuea Venezuela
73%
aia Zambia
73%
Aaia Afghanistan
64%
Aeia Algeria
64%
aao Barbados
64%
eau Belarus
64%
eie Belize
64%
oia a eeoia Bosnia and Herzegovina
64%
uaia Bulgaria
64%
uui Burundi
64%
aoia Cambodia
64%
aeoo Cameroon
64%
ae ee Cape Verde
64%
ea Aia eui Central African Republic
64%
ia China
64%
ooo Comoros
64%
oa ia Costa Rica
64%
oaia Croatia
64%
eoai eui o e oo Democratic Republic of the Congo
64%
ea Denmark
64%
ioui Djibouti
64%
Ea io East Timor
64%
ao Gabon
64%
oua Honduras
64%
uay Hungary
64%
Iea Iceland
64%
Iia India
64%
Ia Iran
64%
Ia Iraq
64%
Iea Ireland
64%
Iae Israel
64%
Iay Italy
64%
aaia Jamaica
64%
aaa Kazakhstan
64%
ea Kenya
64%
ooo Kosovo
64%
yya Kyrgyzstan
64%
ao Laos
64%
eoo Lesotho
64%
ieeei Liechtenstein
64%
iuaia Lithuania
64%
ueou Luxembourg
64%
aaaa Madagascar
64%
aai Malawi
64%
aayia Malaysia
64%
ai Mali
64%
auiaia Mauritania
64%
auiiu Mauritius
64%
eio Mexico
64%
ooa Moldova
64%
oao Monaco
64%
oeeo Montenegro
64%
oaiue Mozambique
64%
aiia Namibia
64%
iaaua Nicaragua
64%
ie Niger
64%
ieia Nigeria
64%
o oea North Korea
64%
o aeoia North Macedonia
64%
oay Norway
64%
oua Portugal
64%
oaia Romania
64%
uia Russia
64%
aa Rwanda
64%
ao oe a iie São Tomé and Príncipe
64%
aui Aaia Saudi Arabia
64%
eea Senegal
64%
eia Serbia
64%
oaia Slovakia
64%
oaia Somalia
64%
ou oea South Korea
64%
ee Sweden
64%
iea Switzerland
64%
aaia Tanzania
64%
aia Thailand
64%
Uaie Ukraine
64%
Uie Aa Eiae United Arab Emirates
64%
Ueia Uzbekistan
64%
aia iy Vatican City
64%
iae Zimbabwe
64%
aai Bahrain
55%
ei Benin
55%
oaa Botswana
55%
uia ao Burkina Faso
55%
e eui Czech Republic
55%
ia Finland
55%
aia Gambia
55%
eoia Georgia
55%
oa Jordan
55%
aia Latvia
55%
aie Maldives
55%
ooia Mongolia
55%
yaa Myanmar
55%
aia Pakistan
55%
iiie Philippines
55%
eui o e oo Republic of the Congo
55%
eyee Seychelles
55%
iaoe Singapore
55%
oeia Slovenia
55%
iaa Sri Lanka
55%
yia Syria
55%
aia Taiwan
55%
aiia Tajikistan
55%
uey Turkey
55%
ueia Turkmenistan
55%
iea Vietnam
55%
ee Yemen
55%
aae Bangladesh
45%
ua Bhutan
45%
uei Brunei
45%
yu Cyprus
45%
uai Kuwait
45%
eao Lebanon
45%
ea Nepal
45%
No matching quizzes found
Score Distribution
Percent of People with Each Score
Percentile by Number Answered
Your Score History
You have not taken this quiz